000 00630nam a2200265Ia 4500
005 20260121161423.0
008 008 260114s9999 xx 000 0 eng d
020 _a9781315080314
037 _aEBOOK
040 _aCRL
040 _beng
040 _cCRL
041 _2eng
041 _aeng
084 _qCRL
100 _aCorporate Crime
_91044496
245 0 _aPeter Yeager
260 _bTaylor and Francis
260 _c2006
650 _aSociology & Social Policy
_91044497
856 _uhttp://www.taylorfrancis.com/books/9781315080314
942 _cEBOOK
999 _c1610655
_d1610655